| 000 | 004500000a22001690004500 | ||
|---|---|---|---|
| 003 | MACL | ||
| 005 | 20160109140617.0 | ||
| 008 | 160109b xxu||||| |||| 00| 0 eng d | ||
| 040 |
_aMACL _cMACL |
||
| 041 | _aEnglish | ||
| 082 | _a920.72/IVI | ||
| 100 |
_aIvimey, Alan _930476 |
||
| 245 |
_aMarie Curie _bPioneer of the Atomic age |
||
| 260 |
_bWeidenfeld and Nicolson Ltd _c1964 _aLondon |
||
| 650 |
_aBiography _930477 |
||
| 942 |
_cBK _k920.72/IVI _2ddc |
||
| 999 |
_c36235 _d36235 |
||